[Event "FRA-chT U20 16 GP Basse 1213"]
[Site "France"]
[Date "2013.05.19"]
[Round "10"]
[White "Sansone, Adam"]
[Black "Reboul, Lou Orphe"]
[Result "1/2-1/2"]
[WhiteElo "1380"]
[BlackElo "1350"]
[PlyCount "105"]
[EventDate "2012.12.01"]
[EventType "team"]
[EventRounds "11"]
[EventCountry "FRA"]
[SourceTitle "EXT 2014"]
[Source "ChessBase"]
[SourceDate "2013.11.20"]
[SourceVersion "1"]
[SourceVersionDate "2013.11.20"]
[SourceQuality "1"]
[WhiteTeam "Villepinte (U20)"]
[BlackTeam "Sainte Foy (U20)"]
[WhiteTeamCountry "FRA"]
[BlackTeamCountry "FRA"]

1. e4 e5 2. Nf3 Nc6 3. Bb5 a6 4. Ba4 Nf6 5. 0-0 Be7 6. Re1 b5 7. Bb3 0-0 8. c3 d5 9. exd5 Nxd5 10. Nxe5 Nxe5 11. Rxe5 c6 12. Qe1 Bd6 13. Re2 Nf4 14. Re3 Qc7 15. d4 Nd5 16. Bxd5 cxd5 17. h3 Bd7 18. Re2 Rae8 19. Be3 f5 20. Bg5 h6 21. Be7 Bxe7 22. Rxe7 Rxe7 23. Qxe7 Re8 24. Qxe8+ Bxe8 25. Nd2 b4 26. Rc1 bxc3 27. Rxc3 Qb6 28. Nb3 Ba4 29. Rd3 Bxb3 30. axb3 a5 31. Kh2 Qb8+ 32. Kh1 a4 33. bxa4 Qxb2 34. Rf3 Qxd4 35. Rxf5 Qxa4 36. Rxd5 Kf8 37. Rf5+ Ke7 38. Kh2 Ke6 39. Rf3 g5 40. Re3+ Kf5 41. Rf3+ Ke4 42. Rg3 Kf5 43. Rf3+ Kg6 44. Rg3 Qf4 45. Kg1 h5 46. Rf3 Qc1+ 47. Kh2 Qf1 48. g3 Qe2 49. Kg2 Qe4 50. g4 h4 51. Kh1 Qxf3+ 52. Kh2 Qxf2+ 53. Kh1 1/2-1/2

[Event "FRA-chT U20 GpB 1213"]
[Site "France"]
[Date "2013.01.04"]
[Round "4"]
[White "Dedenon, Quentin"]
[Black "Sansone, Adam"]
[Result "1-0"]
[WhiteElo "1400"]
[BlackElo "1380"]
[PlyCount "97"]
[EventDate "2012.12.01"]
[EventType "team"]
[EventRounds "7"]
[EventCountry "FRA"]
[SourceTitle "EXT 2014"]
[Source "ChessBase"]
[SourceDate "2013.11.20"]
[SourceVersion "1"]
[SourceVersionDate "2013.11.20"]
[SourceQuality "1"]
[WhiteTeam "Tours (U20)"]
[BlackTeam "Villepinte (U20)"]
[WhiteTeamCountry "FRA"]
[BlackTeamCountry "FRA"]

1. d4 d5 2. c4 e6 3. Nc3 Nf6 4. Bf4 Bb4 5. Qb3 Ba5 6. Nf3 0-0 7. e3 c6 8. cxd5 exd5 9. Bd3 Bg4 10. Be2 Qb6 11. 0-0 Qxb3 12. axb3 Bb6 13. Ne5 Bxe2 14. Nxe2 Nbd7 15. Ng3 a5 16. Nf5 Ra6 17. b4 axb4 18. Rxa6 bxa6 19. Nxc6 a5 20. Bd6 Ra8 21. Nfe7+ Kh8 22. Ne5 Nxe5 23. Bxe5 Rd8 24. Rc1 Ne8 25. Rc8 Rxc8 26. Nxc8 Bc7 27. Bxc7 Nxc7 28. Ne7 a4 29. Nc6 a3 30. bxa3 bxa3 31. Nb4 Nb5 32. Na2 Kg8 33. Kf1 Kf8 34. Ke2 Ke7 35. Kd2 Kd6 36. Kc2 Kc6 37. Nb4+ Kb6 38. Nxd5+ Ka5 39. Kb3 Ka6 40. Nc3 Nxc3 41. Kxc3 Kb5 42. Kb3 a2 43. Kxa2 Kc4 44. Ka3 f5 45. Ka4 f4 46. Ka5 fxe3 47. fxe3 Kd5 48. Kb6 Kd6 49. e4 1-0